00435nam a2200157Ia 4500008004100000020001500041041001200056082001600068100001800084245008700102250000800189260003700197300000800234650001500242700002000257221030s9999 xx 000 0 und d a8178089629 aEnglish a105.23bDan aJ. D. Daniels 0aInternational Business Environment & Operationscby J. D. Daniels, L. H. Radebaugh a9th bPearson EducationaDelhic2003 a810 aManagement aL. H. Radebaugh